Semantics of choice and chance (Record no. 179118)

MARC details
000 -LEADER
fixed length control field 00864nam a2200265Ia 4500
003 - CONTROL NUMBER IDENTIFIER
control field OSt
005 - DATE AND TIME OF LATEST TRANSACTION
control field 20220918185057.0
008 - FIXED-LENGTH DATA ELEMENTS--GENERAL INFORMATION
fixed length control field 220917b |||||||| |||| 00| 0 eng d
037 ## - SOURCE OF ACQUISITION
Terms of availability Textual
040 ## - CATALOGING SOURCE
Original cataloging agency ARTS
Transcribing agency ARTS
Language of cataloging eng
041 ## - LANGUAGE CODE
Source of code eng
Language code of text/sound track or separate title eng
100 ## - MAIN ENTRY--PERSONAL NAME
Personal name Suokko Jorma
9 (RLIN) 67712
245 #0 - TITLE STATEMENT
Title Semantics of choice and chance
Remainder of title a test of the dterministic approach to meaning and an examination of an alternative hypothesis
260 ## - PUBLICATION, DISTRIBUTION, ETC.
Place of publication, distribution, etc. Hague
Name of publisher, distributor, etc. Mouton
Date of publication, distribution, etc. 1972
300 ## - PHYSICAL DESCRIPTION
Extent 149p.
Dimensions cm.
490 ## - SERIES STATEMENT
Series statement Janua linguarum : Studia memoriae Nicolai Van Wijk dedicata , ed by C H Van Schooneveld; 131
500 ## - GENERAL NOTE
General note Appendic 143-45p
650 ## - SUBJECT ADDED ENTRY--TOPICAL TERM
Topical term or geographic name entry element LINGUISTICS
942 ## - ADDED ENTRY ELEMENTS (KOHA)
Classification part P:4:(R1), L2 (PD)
Koha item type Textual
Source of classification or shelving scheme Colon Classification (CC)
Holdings
Withdrawn status Lost status Damaged status Not for loan Home library Current library Date acquired Total Checkouts Full call number Barcode Date last seen Price effective from Koha item type
        Arts Library Arts Library 2022-09-18   P:4:(R1) L2 (PD) AL0365920 2022-09-18 2022-09-18 Textual
Copyright @ Delhi University Library System